Tend my sheep (Record no. 64)

MARC details
000 -LEADER
fixed length control field 00954cam a2200337 a 4500
001 - CONTROL NUMBER
control field 513603
003 - CONTROL NUMBER IDENTIFIER
control field GBCCL
005 - DATE AND TIME OF LATEST TRANSACTION
control field 20241126110329.0
008 - FIXED-LENGTH DATA ELEMENTS--GENERAL INFORMATION
fixed length control field 831207s1983 enka b 00110 eng d
020 ## - INTERNATIONAL STANDARD BOOK NUMBER
International Standard Book Number 0281040559 (pbk.) :
Terms of availability �6.50
035 ## - SYSTEM CONTROL NUMBER
System control number (OCoLC)ocn686966426
035 ## - SYSTEM CONTROL NUMBER
System control number (CStRLIN)CTYT83-B5706
035 ## - SYSTEM CONTROL NUMBER
System control number 17465
035 ## - SYSTEM CONTROL NUMBER
System control number 83-B5706-1
035 ## - SYSTEM CONTROL NUMBER
System control number 513603
040 ## - CATALOGING SOURCE
Original cataloging agency CtY-D
Transcribing agency CtY-D
Modifying agency NjPT
-- CtY-D
082 ## - DEWEY DECIMAL CLASSIFICATION NUMBER
Classification number 253.5
Item number TAY
090 ## - LOCALLY ASSIGNED LC-TYPE CALL NUMBER (OCLC); LOCAL CALL NUMBER (RLIN)
Classification number (OCLC) (R) ; Classification number, CALL (RLIN) (NR) BV4011
Local cutter number (OCLC) ; Book number/undivided call number, CALL (RLIN) .T39 1983
100 1# - MAIN ENTRY--PERSONAL NAME
Personal name Taylor, Harold.
9 (RLIN) 4196
245 11 - TITLE STATEMENT
Title Tend my sheep
Statement of responsibility, etc. Harold Taylor.
260 0# - PUBLICATION, DISTRIBUTION, ETC.
Place of publication, distribution, etc. London :
Name of publisher, distributor, etc. SPCK,
Date of publication, distribution, etc. 1983.
300 ## - PHYSICAL DESCRIPTION
Extent xiv, 305 p. :
Other physical details ill. ;
Dimensions 22 cm.
440 #0 - SERIES STATEMENT/ADDED ENTRY--TITLE
Title TEF study guide ;
Volume/sequential designation 19
9 (RLIN) 4197
490 1# - SERIES STATEMENT
Series statement Applied theology ;
Volume/sequential designation 2
500 ## - GENERAL NOTE
General note Includes indexes.
504 ## - BIBLIOGRAPHY, ETC. NOTE
Bibliography, etc. note Bibliography: p. xiii-xiv.
650 #0 - SUBJECT ADDED ENTRY--TOPICAL TERM
Topical term or geographic name entry element Pastoral theology.
9 (RLIN) 414
650 #0 - SUBJECT ADDED ENTRY--TOPICAL TERM
Topical term or geographic name entry element Pastoral counseling.
9 (RLIN) 547
830 #0 -
-- Applied theology (Series) ;
-- 2.
-- 4198
942 ## - ADDED ENTRY ELEMENTS (KOHA)
Source of classification or shelving scheme Dewey Decimal Classification
Koha item type Books
Koha issues (borrowed), all copies 4
Holdings
Withdrawn status Lost status Source of classification or shelving scheme Damaged status Not for loan Home library Current Library Shelving location Date acquired Cost, normal purchase price Total checkouts Full call number Barcode Date last seen Date last checked out Copy number Price effective from Koha item type Total renewals
    Dewey Decimal Classification     GRACE BIBLE COLLEGE GRACE BIBLE COLLEGE Ministry & Mission 2016-05-23 45.00 2 253.5 TAY 003870 2025-05-01 2022-08-22 c.1 2016-05-23 Books  
    Dewey Decimal Classification     GRACE BIBLE COLLEGE GRACE BIBLE COLLEGE Ministry & Mission 2017-06-09   2 253.5 TAY 003871 2025-05-01 2022-08-22 c.2 2017-06-09 Books 1
© Grace Bible College Library 2025